| 000 | 00666nam a2200217 a 4500 | ||
|---|---|---|---|
| 001 | 18755 | ||
| 003 | CO-ViMGA | ||
| 008 | 141112s2004 ck r 000 u spa d | ||
| 020 | _a8475093388 | ||
| 040 |
_aCO-ViMGA _bspa _cCO-ViMGA |
||
| 082 | 0 | 4 | _a616.8915 A536 |
| 100 | 1 |
_aAndolfi, Mauricio; Zwerling, Israel _926745 |
|
| 245 | 1 | 0 | _aDimensiones de la terapia familiar |
| 260 |
_aBarcelona : _bPaidotribo; 2001 |
||
| 300 | _a327 p. | ||
| 490 | _aTerapia familiar; 12 | ||
| 505 | _aLa Drogadicción y la familia Terapia de pareja Esquizofrenia | ||
| 590 | _aForma de adquisición : Premio Mincultura | ||
| 650 | 1 | 4 |
_aPSICOTERAPIA FAMILIAR _926746 |
| 942 |
_2ddc _cBK |
||
| 999 |
_c27987 _d27987 |
||